| 000 | 01333nam a2200301 i 4500 | ||
|---|---|---|---|
| 001 | bg | ||
| 245 | 0 | 0 |
_aEvolutionary Computation and Global Optimization 2008 : _bJune 2nd - 4th, 2008 Szymbark, Poland / _cJarosław Arabas (ed.) ; [org. Politechnika Warszawska et al.]. |
| 246 | 3 | 3 | _aAlgorytmy Ewolucyjne i Optymalizacja Globalna |
| 260 |
_aWarszawa : _bOficyna Wydawnicza Politechniki Warszawskiej, _c2007. |
||
| 300 |
_a262 s. : _bil. ; _c24 cm. |
||
| 490 | 1 |
_aPrace Naukowe / Politechnika Warszawska. Elektronika, _x0137-2343 ; _vz. 165 |
|
| 500 | _aMateriały wybrane przez Komitet Naukowy XI Krajowej Konferncji Algorytmy Ewolucyjne i Optymalizacja Globalna. | ||
| 500 | _aTyt. nagł. serii : Prace Naukowe Politechniki Warszawskiej. | ||
| 504 | _aBibliogr. przy ref. | ||
| 650 | 9 | _aAlgorytmy genetyczne | |
| 650 | 9 |
_aOptymalizacja _xstosowanie _xtechnika |
|
| 655 | _aMateriały konferencyjne | ||
| 700 | 1 |
_aArabas, Jarosław. _e(Red.) |
|
| 711 | 2 |
_aKrajowa Konferencja Algorytmy Ewolucyjne i Optymalizacja Globalna _n(11 ; _d2008 ; _cSzymbark). |
|
| 830 | 0 |
_aPrace Naukowe - Politechnika Warszawska. _pElektronika, _x0137-2343 ; _vz. 160 |
|
| 022 | _a01372343 | ||
| 040 | _cBPK | ||
| 041 | _apol | ||
| 044 | _aPOL | ||
| 080 | _a004.021:519.8:510.5:575 | ||
| 942 | _cKS | ||
| 008 | 090415s2008 pl a |001 0 pol | ||
| 999 |
_c56150 _d56150 |
||
| 856 |
_uhttp://koha.tu.koszalin.pl/cgi-bin/koha/opac-detail.pl?biblionumber=56150 _yKatalog online BPK |
||